000 00234nam a2200097Ia 4500
001 1229124
005 20250827093055.0
008 250824s9999 xx 000 0 und d
245 0 _aBİTANEM
_cCANDAN ÖZER
260 _bPANAMA YAYINLARI
999 _c1229124
_d1229124